[Event "IRL-ch 100th First Week"]
[Site "Dublin"]
[Date "2021.07.25"]
[Round "4"]
[White "Ryan, Joshua"]
[Black "Beatty, Sean"]
[Result "0-1"]
[WhiteElo "700"]
[BlackElo "809"]
[PlyCount "110"]
[EventDate "2021.07.23"]
[EventType "swiss"]
[EventRounds "5"]
[EventCountry "IRL"]
[SourceTitle "EXT 2022"]
[Source "ChessBase"]
[SourceDate "2021.10.06"]
[SourceVersion "1"]
[SourceVersionDate "2021.10.06"]
[SourceQuality "1"]

1. e4 c6 2. d4 d5 3. e5 c5 4. dxc5 Nc6 5. f4 Bf5 6. a3 e6 7. b4 Nge7 8. Nf3 Ng6 9. Be3 Nh4 10. Nd4 Nxd4 11. Bxd4 Be4 12. Qd2 a6 13. Nc3 Bg6 14. Bd3 Be7 15. 0-0 0-0 16. Na4 Qe8 17. Nb6 Rb8 18. c4 Bd8 19. cxd5 Bxb6 20. cxb6 Qd7 21. d6 Bxd3 22. Qxd3 Qc6 23. Qh3 Nf5 24. Rac1 Qe4 25. Bc5 Nd4 26. Rce1 Ne2+ 27. Kh1 Qc4 28. Qe3 Nxf4 29. Rxf4 Qb5 30. Rd4 Qd7 31. Red1 Rbc8 32. Rg4 f5 33. exf6 Rxf6 34. Rf4 Rg6 35. Rdf1 Qc6 36. Qf2 h6 37. Rf7 Kh7 38. Qf3 Qa4 39. Qxb7 Qc2 40. d7 Rb8 41. Qf3 Rd8 42. b7 e5 43. Bb6 e4 44. Qf2 Qxf2 45. R7xf2 Rxb6 46. Rd1 Rxb7 47. Rf7 Kg6 48. Re7 Kf5 49. Re8 Rdxd7 50. Rd8 Rxd1+ 51. Rxd1 Kf4 52. Kg1 Ke3 53. Re1+ Kd3 54. Kf2 Rf7+ 55. Kg1 e3 0-1